A Critical View on Pension Savings in Slovakia

Prípadová štúdia rizík vážne ovplyvňujúce výšku budúcich dôchodkov. Sporiaca fáza starobného a doplnkového dôchodkového sporenia. Výplatná fáza dôchodkového sporenia.

Gespeichert in:
Bibliographische Detailangaben
1. Verfasser: Špirková, Jana
Weitere Verfasser: Dobrovič, Martin, Vinczeová, Miroslava
Format: Buchkapitel
Sprache:Englisch
Schlagworte:
Tags: Tag hinzufügen
Keine Tags, Fügen Sie das erste Tag hinzu!

MARC

LEADER 00000naa a2200000 4500
001 0280875
005 20220112101202.9
041 0 |a eng 
044 |a CZ 
245 1 0 |a A Critical View on Pension Savings in Slovakia  |c Jana Špirková, Martin Dobrovič, Miroslava Vinczeová 
520 |a Prípadová štúdia rizík vážne ovplyvňujúce výšku budúcich dôchodkov. Sporiaca fáza starobného a doplnkového dôchodkového sporenia. Výplatná fáza dôchodkového sporenia. 
610 2 0 |a anuita 
610 2 0 |a sporenie dôchodkové 
610 2 0 |a dôchodky 
610 2 0 |a modelovanie 
610 2 0 |a Slovensko 
100 1 |a Špirková, Jana 
700 1 |a Dobrovič, Martin 
700 1 |a Vinczeová, Miroslava